00437nam a2200145Ia 4500008004100000020001800041082001200059100002000071245002000091260002000111500001200131942000700143952012600150999001500276260604s9999 xx 000 0 und d a9780143473046 a894 BEN aBenyamin935926 0aSilent Journeys bHamish Hamilton aJourney cBK 00104070aIIMVbIIMVcGENERALd2026-06-04g599.00l0o894 BENp004384r2026-06-04 10:21:33v599.00w2026-06-04yBKBBEN c8766d8766